| 000 | 00000nam##2200000za#4500 |
| 001 | 9.601916 |
| 003 | CaOODSP |
| 005 | 20210624210314 |
| 007 | cr ||||||||||| |
| 008 | 150406|1998||||xxc|||||o f|0| 0 fre|d |
| 040 | |aCaOODSP|bfre |
| 043 | |an-cn--- |
| 086 | 1 |aTU3-5/98-20F-PDF |
| 110 | 2 |aBureau de la sécurité des transports du Canada. |
| 245 | 10|aPanne sèche, Avionair Inc. Piper Navajo PA-31-350 C-GUVK 4 nm au sud-est de l'aéroport de La Grande 3 (Québec), 14 mai 1998 |h[ressource électronique] |
| 260 | |aGatineau - Québec : |bBureau de la sécurité des transports du Canada |c[1999]. |
| 300 | |a7p. |
| 490 | 1 |aRapport d'enquête aéronautique |vA98Q0069 |
| 590 | |a12-01-Supp|b2012-01-13 |
| 775 | 08|tFuel exhaustion, Avionair Inc., Piper Navajo PA-31-350 C-GUVK, La Grande 3 Airport, Quebec, 4 nm SE, 14 May 1998 |w(CaOODSP)9.571300 |
| 830 | #0|aRapport d'enquête aéronautique ;|vA98Q0069|w(CaOODSP)9.501229 |
| 856 | 40|ahttp://publications.gc.ca|qPDF|s79 Ko|uhttps://publications.gc.ca/collections/collection_2011/bst-tsb/TU3-5-98-20-fra.pdf|yA98Q0069 |